=LDR 00000nam 2200000 4500 =001 INLIS000000000001253 =005 20201006072126 =035 ##$$a 0010-061300000001253 =008 201006################g##########0#ind## =041 ##$$a Ind =082 ##$$a 304.209 598 21 =090 ##$$a 304.209 598 21, Adi-k =100 1#$$a Adimiharjo, Kusnaka =245 1#$$a Kasepuhan yang tumbuh di atas yang luruh, /$c Kusnaka Adimiharja =260 ##$$a Bandung :$b Tarsito,$c 1992 =300 ##$$a viii, 223 hlm, : $b ilus, ; $c 14 x 21 cm =650 #4$$a Lingkungan hidup =650 #4$$a Jawa Barat =850 ##$$a NBPNMAT =084 ##$$a 304.209 598 21 ADI k =250 ##$$a c =990 ##$$a 69.975/94